[Event "Online Olym Div2 A"]
[Site "Chess.com INT"]
[Date "2020.08.15"]
[Round "5.4"]
[White "Sihite, Chelsie Monica"]
[Black "Ziaziulkina, Nastassia"]
[Result "0-1"]
[WhiteElo "2252"]
[BlackElo "2373"]
[PlyCount "100"]
[EventDate "2020.08.14"]
[EventType "team-tourn (rapid)"]
[EventRounds "9"]
[EventCountry "USA"]
[SourceTitle "CBM 198"]
[Source "ChessBase"]
[SourceDate "2020.10.31"]
[SourceVersion "1"]
[SourceVersionDate "2020.10.31"]
[SourceQuality "1"]
[WhiteTeam "Indonesia"]
[BlackTeam "Belarus"]
[WhiteTeamCountry "INA"]
[BlackTeamCountry "BLR"]

1. e4 c5 2. Nf3 d6 3. d4 cxd4 4. Nxd4 Nf6 5. Nc3 a6 6. Be3 e6 7. f3 b5 8. Qd2 Bb7 9. 0-0-0 Nbd7 10. g4 h6 11. h4 b4 12. Nce2 d5 13. exd5 Nxd5 14. Nf4 Bc5 15. Nh5 Rg8 16. Bf2 Qb6 17. Rh2 0-0-0 18. Nb3 Bxf2 19. Qxf2 g6 20. Ng3 Qe3+ 21. Kb1 Qxf2 22. Rxf2 Ne3 23. Re1 Nxf1 24. Rfxf1 Nb6 25. Ne4 Nc4 26. Kc1 Rgf8 27. Nec5 Rd5 28. Re4 Rxc5 29. Nxc5 Bxe4 30. fxe4 a5 31. g5 hxg5 32. hxg5 Rh8 33. b3 Ne5 34. Kb2 Rh5 35. Rg1 Nf3 36. Rf1 Nxg5 37. e5 Rh2 38. Rg1 Nf3 39. Rd1 Nxe5 40. Ne4 Kc7 41. Nd6 g5 42. Ne8+ Kc6 43. Rd6+ Kc5 44. Ra6 g4 45. Rxa5+ Kd4 46. a3 bxa3+ 47. Rxa3 g3 48. Ra1 g2 49. Rd1+ Ke3 50. Nf6 Rh1 0-1

[Event "EU-ch (Women) 19th"]
[Site "Stary Smokovec"]
[Date "2018.04.16"]
[Round "8"]
[White "Shvayger, Yuliya"]
[Black "Ziaziulkina, Nastassia"]
[Result "1/2-1/2"]
[WhiteElo "2404"]
[BlackElo "2363"]
[PlyCount "57"]
[EventDate "2018.04.08"]
[EventType "swiss"]
[EventRounds "11"]
[EventCountry "SVK"]
[SourceTitle "CBM 184 Extra"]
[Source "ChessBase"]
[SourceDate "2018.06.28"]
[SourceVersion "1"]
[SourceVersionDate "2018.06.28"]
[SourceQuality "1"]

1. d4 d5 2. c4 c6 3. Nf3 Nf6 4. Nbd2 Bf5 5. g3 e6 6. Bg2 Nbd7 7. 0-0 Bd6 8. b3 0-0 9. Bb2 Qe7 10. Re1 Ba3 11. Qc1 Bxb2 12. Qxb2 Ne4 13. Nh4 Qb4 14. Nxf5 exf5 15. Rad1 Ndf6 16. f3 Ng5 17. a3 Qb6 18. e3 Rfe8 19. Qc2 g6 20. cxd5 cxd5 21. Rc1 Ne6 22. a4 Re7 23. Qd3 Rae8 24. Kf2 Qb4 25. Red1 Nd8 26. Nf1 Nc6 27. Rc5 Qb6 28. Rdc1 a6 29. R5c3 1/2-1/2

[Event "EU-ch (Women) 19th"]
[Site "Stary Smokovec"]
[Date "2018.04.14"]
[Round "7"]
[White "Ziaziulkina, Nastassia"]
[Black "Paehtz, Elisabeth"]
[Result "1/2-1/2"]
[WhiteElo "2363"]
[BlackElo "2468"]
[PlyCount "101"]
[EventDate "2018.04.08"]
[EventType "swiss"]
[EventRounds "11"]
[EventCountry "SVK"]
[SourceTitle "CBM 184 Extra"]
[Source "ChessBase"]
[SourceDate "2018.06.28"]
[SourceVersion "1"]
[SourceVersionDate "2018.06.28"]
[SourceQuality "1"]

1. e4 e5 2. Nf3 Nc6 3. d4 exd4 4. Nxd4 Nf6 5. Nxc6 bxc6 6. e5 Qe7 7. Qe2 Nd5 8. c4 Nb6 9. Nc3 Ba6 10. b3 0-0-0 11. Bb2 Re8 12. f4 f6 13. 0-0-0 fxe5 14. fxe5 Qxe5 15. Qxe5 Rxe5 16. a4 Rg5 17. h4 Rg3 18. a5 Na8 19. Kc2 d5 20. Ne2 Rg4 21. g3 dxc4 22. Bh3 cxb3+ 23. Kc1 Bxe2 24. Rd2 Kb7 25. Bxg4 Bxg4 26. Rd8 Be2 27. Re8 Bb5 28. Rd1 c5 29. Red8 Rg8 30. Re1 g6 31. Kb1 h5 32. Re6 c4 33. Rf6 c3 34. Bxc3 Bb4 35. Rxg8 Bxc3 36. Rf3 Bxa5 37. Rxb3 a6 38. Rxg6 Bd2 39. Kc2 Be1 40. Kd1 Bf2 41. Rg5 Nb6 42. Rf3 Bd4 43. Rxh5 Ba4+ 44. Ke2 Bb5+ 45. Ke1 Nd7 46. Rg5 Ne5 47. Rff5 Nd3+ 48. Kd2 Nf2 49. Rxb5+ axb5 50. Rxb5+ Kc6 51. Rf5 1/2-1/2

[Event "EU-ch (Women) 19th"]
[Site "Stary Smokovec"]
[Date "2018.04.10"]
[Round "3"]
[White "Ziaziulkina, Nastassia"]
[Black "Nechaeva, Marina"]
[Result "1/2-1/2"]
[WhiteElo "2363"]
[BlackElo "2413"]
[PlyCount "53"]
[EventDate "2018.04.08"]
[EventType "swiss"]
[EventRounds "11"]
[EventCountry "SVK"]
[SourceTitle "CBM 184 Extra"]
[Source "ChessBase"]
[SourceDate "2018.06.28"]
[SourceVersion "1"]
[SourceVersionDate "2018.06.28"]
[SourceQuality "1"]

1. e4 c6 2. Nc3 d5 3. Nf3 Bg4 4. h3 Bxf3 5. Qxf3 e6 6. Be2 Bc5 7. 0-0 Nd7 8. exd5 exd5 9. Rd1 Bd4 10. Re1 Ne7 11. Bd1 0-0 12. Ne2 Bb6 13. d4 Nf6 14. c3 Ne4 15. Bc2 f5 16. Qd3 Ng6 17. f3 Qh4 18. Be3 Ng3 19. Bf2 Bc7 20. Qd2 Rf6 21. Nxg3 Bxg3 22. Bxg3 Qxg3 23. Qf2 Qxf2+ 24. Kxf2 Kf7 25. g4 fxg4 26. Bxg6+ Rxg6 27. fxg4 1/2-1/2

[Event "BLR-ch (Women) 62nd"]
[Site "Minsk"]
[Date "2018.01.26"]
[Round "9"]
[White "Ilyuchyk, Yana"]
[Black "Ziaziulkina, Nastassia"]
[Result "1/2-1/2"]
[WhiteElo "2089"]
[BlackElo "2357"]
[PlyCount "60"]
[EventDate "2018.01.18"]
[EventType "tourn"]
[EventRounds "11"]
[EventCountry "BLR"]
[SourceTitle "CBM 182 Extra"]
[Source "ChessBase"]
[SourceDate "2018.02.23"]
[SourceVersion "1"]
[SourceVersionDate "2018.02.23"]
[SourceQuality "1"]

1. e4 c5 2. Nf3 d6 3. d4 cxd4 4. Nxd4 Nf6 5. Nc3 a6 6. h3 e6 7. g4 Nfd7 8. Be3 Be7 9. g5 Nc6 10. h4 Qc7 11. Qd2 b5 12. a3 Nce5 13. f4 Nc4 14. Bxc4 bxc4 15. f5 Ne5 16. 0-0 Bd7 17. fxe6 fxe6 18. Qe2 0-0-0 19. b4 h6 20. b5 hxg5 21. Nf5 Bxb5 22. Nxe7+ Qxe7 23. Bxg5 Qa7+ 24. Kg2 Rdf8 25. Qd2 Qc7 26. Rad1 Rxf1 27. Rxf1 Ng6 28. a4 Bc6 29. Qf2 Rf8 30. Qd4 Rxf1 1/2-1/2

[Event "EU-chT (Women) 21st"]
[Site "Heraklion"]
[Date "2017.11.04"]
[Round "7.1"]
[White "Ziaziulkina, Nastassia"]
[Black "Rapport, Jovana"]
[Result "1-0"]
[WhiteElo "2369"]
[BlackElo "2327"]
[PlyCount "109"]
[EventDate "2017.10.28"]
[EventType "team-swiss"]
[EventRounds "9"]
[EventCountry "GRE"]
[SourceTitle "CBM 181 Extra"]
[Source "ChessBase"]
[SourceDate "2017.12.12"]
[SourceVersion "1"]
[SourceVersionDate "2017.12.12"]
[SourceQuality "1"]
[WhiteTeam "Belarus (W)"]
[BlackTeam "Serbia (W)"]
[WhiteTeamCountry "BLR"]
[BlackTeamCountry "SRB"]

1. e4 c6 2. Nc3 d5 3. Nf3 dxe4 4. Nxe4 Nf6 5. Qe2 Bf5 6. Nxf6+ gxf6 7. d4 Bg4 8. Qe4 Bxf3 9. gxf3 e6 10. Bf4 Qa5+ 11. Bd2 Bb4 12. c3 Be7 13. Bc4 Nd7 14. Rg1 0-0-0 15. Rg7 f5 16. Qe3 Rhg8 17. Rxf7 Rg1+ 18. Bf1 Bg5 19. f4 Bxf4 20. Qxf4 Qb5 21. 0-0-0 Rxf1 22. Rxf1 Qxf1+ 23. Kc2 h5 24. Re7 Qc4 25. b3 Qa6 26. a4 c5 27. dxc5 Qc6 28. Be3 Nxc5 29. Qc4 Rd5 30. Bxc5 Rxc5 31. Qxe6+ Qxe6 32. Rxe6 Rd5 33. Rh6 Re5 34. Kd3 b5 35. axb5 Rxb5 36. Kc4 Re5 37. Rxh5 Re4+ 38. Kd3 Rf4 39. Ke3 Re4+ 40. Kf3 Re5 41. Kf4 Re2 42. Kxf5 Rxf2+ 43. Ke4 a5 44. Rxa5 Rxh2 45. Ra7 Kb8 46. Rg7 Rb2 47. b4 Rd2 48. c4 Rd1 49. b5 Kc8 50. c5 Kb8 51. b6 Re1+ 52. Kd5 Rd1+ 53. Kc6 Rd8 54. Kb5 Rd5 55. Ka6 1-0

[Event "EU-chT (Women) 21st"]
[Site "Heraklion"]
[Date "2017.10.29"]
[Round "2.1"]
[White "Newrkla, Katharina"]
[Black "Ziaziulkina, Nastassia"]
[Result "1/2-1/2"]
[WhiteElo "2170"]
[BlackElo "2369"]
[PlyCount "128"]
[EventDate "2017.10.28"]
[EventType "team-swiss"]
[EventRounds "9"]
[EventCountry "GRE"]
[SourceTitle "CBM 181 Extra"]
[Source "ChessBase"]
[SourceDate "2017.12.12"]
[SourceVersion "1"]
[SourceVersionDate "2017.12.12"]
[SourceQuality "1"]
[WhiteTeam "Austria (W)"]
[BlackTeam "Belarus (W)"]
[WhiteTeamCountry "AUT"]
[BlackTeamCountry "BLR"]

1. e4 c5 2. Nf3 d6 3. d4 cxd4 4. Nxd4 Nf6 5. Nc3 a6 6. g3 e6 7. Bg2 Be7 8. 0-0 0-0 9. Be3 Qc7 10. g4 Nc6 11. g5 Nd7 12. f4 Nb6 13. Nxc6 bxc6 14. b3 d5 15. Qh5 Re8 16. Rf3 Nd7 17. Raf1 Nf8 18. f5 exf5 19. exd5 Bb4 20. Bd4 c5 21. Bxg7 Kxg7 22. Qh6+ Kh8 23. d6 Qd8 24. Nd5 Re6 25. Nf6 Bd2 26. Rh3 Rxf6 27. Qxf6+ Qxf6 28. gxf6 Rb8 29. Rd3 Bg5 30. Bh3 Bxf6 31. Bxf5 Bxf5 32. Rxf5 Nd7 33. c3 Kg7 34. Rg3+ Kf8 35. Rgf3 Kg7 36. Rg3+ Kh8 37. Rgf3 Rg8+ 38. Kf1 Rg6 39. b4 cxb4 40. cxb4 Be5 41. Rxf7 Rxd6 42. Re3 Kg8 43. Rxd7 Rxd7 44. Rxe5 Rd1+ 45. Kf2 Rd2+ 46. Re2 Rd3 47. a4 Ra3 48. a5 Rb3 49. Re4 Kf7 50. h4 Kf6 51. Ke2 Kf5 52. Rc4 Ke5 53. Kd2 Kd5 54. Rf4 Ke5 55. Kc2 Rh3 56. Rg4 Kd5 57. Rf4 Kc6 58. Rf6+ Kb5 59. Rb6+ Kc4 60. Rxa6 Kxb4 61. Ra8 Rxh4 62. a6 Kb5 63. Kd2 Ra4 64. Rh8 Rxa6 1/2-1/2

[Event "EU-ch (Women) 18th"]
[Site "Riga"]
[Date "2017.04.19"]
[Round "8"]
[White "Ziaziulkina, Nastassia"]
[Black "Abdulla, Khayala Mardan Qizi"]
[Result "1/2-1/2"]
[WhiteElo "2387"]
[BlackElo "2241"]
[PlyCount "37"]
[EventDate "2017.04.11"]
[EventType "swiss"]
[EventRounds "11"]
[EventCountry "LAT"]
[SourceTitle "CBM 177 Extra"]
[Source "ChessBase"]
[SourceDate "2017.04.27"]
[SourceVersion "1"]
[SourceVersionDate "2017.04.27"]
[SourceQuality "1"]

1. e4 c6 2. d4 d5 3. exd5 cxd5 4. Bd3 Nf6 5. c3 Nc6 6. Nf3 Bg4 7. Nbd2 e6 8. 0-0 Bd6 9. Re1 0-0 10. Nf1 Qc7 11. Ng3 Bf4 12. h3 Bxf3 13. Qxf3 Bxc1 14. Raxc1 Rac8 15. Qe3 Rfe8 16. Bb1 Na5 17. Qd3 g6 18. Qf3 Kg7 19. Bd3 1/2-1/2

[Event "EU-ch (Women) 18th"]
[Site "Riga"]
[Date "2017.04.16"]
[Round "6"]
[White "Ziaziulkina, Nastassia"]
[Black "Fuchs, Judith"]
[Result "1-0"]
[WhiteElo "2387"]
[BlackElo "2274"]
[PlyCount "77"]
[EventDate "2017.04.11"]
[EventType "swiss"]
[EventRounds "11"]
[EventCountry "LAT"]
[SourceTitle "CBM 177 Extra"]
[Source "ChessBase"]
[SourceDate "2017.04.27"]
[SourceVersion "1"]
[SourceVersionDate "2017.04.27"]
[SourceQuality "1"]

1. e4 c6 2. Nc3 d5 3. Nf3 Nf6 4. e5 Ne4 5. Ne2 Qb6 6. d4 e6 7. Ng3 Nxg3 8. hxg3 c5 9. Ng5 Nc6 10. Qh5 Qc7 11. Nxh7 Rxh7 12. Qxh7 cxd4 13. Bf4 Bd7 14. Qg8 0-0-0 15. Qxf7 Bb4+ 16. Kd1 g5 17. a3 gxf4 18. gxf4 d3 19. Bxd3 Bc5 20. Ke2 Qb6 21. b4 Bxf2 22. Rh3 Bd4 23. Rd1 Bb2 24. g4 Bxa3 25. g5 Bxb4 26. Rdh1 Nd4+ 27. Kf1 Be8 28. Qh7 Qc5 29. g6 Qc3 30. Qh4 Qd2 31. g7 Bf7 32. Qf2 Qc3 33. Rh8 Bg8 34. Rxg8 Rxg8 35. Rh8 Qa1+ 36. Kg2 Be1 37. Rxg8+ Kc7 38. Rc8+ Kb6 39. g8Q 1-0

[Event "World-ch (Women) k.o."]
[Site "Tehran"]
[Date "2017.02.12"]
[Round "1.2"]
[White "Ushenina, Anna"]
[Black "Ziaziulkina, Nastassia"]
[Result "1-0"]
[WhiteElo "2444"]
[BlackElo "2390"]
[PlyCount "51"]
[EventDate "2017.02.11"]
[EventType "k.o."]
[EventRounds "7"]
[EventCountry "IRI"]
[SourceTitle "CBM 177"]
[Source "ChessBase"]
[SourceDate "2017.03.16"]
[SourceVersion "1"]
[SourceVersionDate "2017.03.16"]
[SourceQuality "1"]

1. d4 d5 2. c4 c6 3. Nf3 Nf6 4. e3 Bf5 5. Nc3 e6 6. Nh4 Be4 7. f3 Bg6 8. Qb3 Qc7 9. Bd2 Be7 10. g3 Bh5 11. 0-0-0 g5 12. g4 gxh4 13. gxh5 Nxh5 14. cxd5 cxd5 15. e4 Nf6 16. Bb5+ Nbd7 17. e5 Nh5 18. Rhg1 0-0-0 19. Kb1 Nb8 20. Rc1 Nc6 21. Bxc6 bxc6 22. Nb5 Qb8 23. Rxc6+ Kd7 24. Rc7+ Ke8 25. Rb7 Qc8 26. Nc7+ 1-0

[Event "BLR-ch (Women)"]
[Site "Minsk"]
[Date "2017.01.20"]
[Round "8"]
[White "Ziaziulkina, Nastassia"]
[Black "Revo, Tatiana"]
[Result "1-0"]
[WhiteElo "2386"]
[BlackElo "2086"]
[PlyCount "111"]
[EventDate "2017.01.13"]
[EventType "tourn"]
[EventRounds "9"]
[EventCountry "BLR"]
[SourceTitle "CBM 176 Extra"]
[Source "ChessBase"]
[SourceDate "2017.03.02"]
[SourceVersion "1"]
[SourceVersionDate "2017.03.02"]
[SourceQuality "1"]

1. e4 c5 2. Nf3 d6 3. d4 cxd4 4. Nxd4 Nf6 5. Nc3 a6 6. Be3 e5 7. Nb3 Be6 8. Be2 Be7 9. Nd5 Bxd5 10. exd5 0-0 11. 0-0 Nbd7 12. c4 Rc8 13. Rc1 Re8 14. f4 exf4 15. Rxf4 Bf8 16. Bd4 g6 17. Rf1 Bh6 18. Rc3 Ne4 19. Rh3 Bg7 20. Bxg7 Kxg7 21. Qd4+ Re5 22. Re3 Qb6 23. Qxb6 Nxb6 24. Na5 Rc7 25. b4 Nc3 26. Rxe5 dxe5 27. d6 Nxe2+ 28. Kf2 Rd7 29. Kxe2 Rxd6 30. c5 Rd4 31. cxb6 Rxb4 32. Nb3 Rxb6 33. Rc1 Kf6 34. Rc7 Rb4 35. Ke3 Ra4 36. Rc2 Ke7 37. Nc5 Rb4 38. Nd3 Rb5 39. Rc7+ Ke6 40. Rxb7 Rxb7 41. Nc5+ Kd5 42. Nxb7 f5 43. h4 h6 44. Nd8 h5 45. Nf7 Ke6 46. Ng5+ Kd5 47. Nh7 f4+ 48. Kf3 Kd4 49. Nf8 e4+ 50. Kxf4 e3 51. Kf3 a5 52. Nxg6 a4 53. Nf4 a3 54. Ke2 Kc3 55. Nd5+ Kb2 56. Nxe3 1-0

[Event "BLR-ch (Women)"]
[Site "Minsk"]
[Date "2017.01.18"]
[Round "6"]
[White "Ziaziulkina, Nastassia"]
[Black "Stetsko, Lanita"]
[Result "1/2-1/2"]
[WhiteElo "2386"]
[BlackElo "2253"]
[PlyCount "92"]
[EventDate "2017.01.13"]
[EventType "tourn"]
[EventRounds "9"]
[EventCountry "BLR"]
[SourceTitle "CBM 176 Extra"]
[Source "ChessBase"]
[SourceDate "2017.03.02"]
[SourceVersion "1"]
[SourceVersionDate "2017.03.02"]
[SourceQuality "1"]

1. e4 d6 2. d4 Nf6 3. Nc3 e5 4. Nf3 Nbd7 5. Bc4 Be7 6. 0-0 0-0 7. Re1 a6 8. a4 b6 9. Ba2 Bb7 10. Qe2 c6 11. Be3 Qc7 12. dxe5 dxe5 13. Nh4 Bb4 14. Bd2 Nc5 15. Bg5 Ne8 16. Nf5 Ne6 17. Bxe6 fxe6 18. Qc4 a5 19. Qxe6+ Kh8 20. Bh4 Bc8 21. Qb3 Nf6 22. Bg3 Nh5 23. Rad1 g6 24. Ne3 Qe7 25. Qc4 Nxg3 26. hxg3 Bc5 27. Rd2 Ba6 28. Qb3 Rad8 29. Rxd8 Rxd8 30. Ncd1 Rd4 31. c3 Rd2 32. Nc4 Rxd1 33. Rxd1 Qf7 34. Qc2 Bxc4 35. Rd8+ Kg7 36. Qd2 Be6 37. b4 axb4 38. cxb4 Bd4 39. Rxd4 exd4 40. Qxd4+ Qf6 41. Qxb6 Qa1+ 42. Kh2 Qxa4 43. Qc7+ Bf7 44. Qe5+ Kg8 45. Qb8+ Kg7 46. Qe5+ Kg8 1/2-1/2

[Event "BLR-ch (Women)"]
[Site "Minsk"]
[Date "2017.01.13"]
[Round "1"]
[White "Ziaziulkina, Nastassia"]
[Black "Khrapko, Marharyta"]
[Result "1-0"]
[WhiteElo "2386"]
[BlackElo "2078"]
[PlyCount "53"]
[EventDate "2017.01.13"]
[EventType "tourn"]
[EventRounds "9"]
[EventCountry "BLR"]
[SourceTitle "CBM 176 Extra"]
[Source "ChessBase"]
[SourceDate "2017.03.02"]
[SourceVersion "1"]
[SourceVersionDate "2017.03.02"]
[SourceQuality "1"]

1. e4 c5 2. Nf3 Nc6 3. d4 cxd4 4. Nxd4 g6 5. c4 Nf6 6. Nc3 d6 7. Be2 Nxd4 8. Qxd4 Bg7 9. Be3 0-0 10. Qd2 a5 11. Rd1 Be6 12. 0-0 a4 13. f4 Qa5 14. Bd4 Rfc8 15. b3 axb3 16. axb3 Qb4 17. f5 Bd7 18. Bxf6 Bxf6 19. Nd5 Qxb3 20. fxg6 fxg6 21. Rxf6 exf6 22. Nxf6+ Kf7 23. Nxd7 Rc6 24. e5 Ra2 25. e6+ Kxe6 26. Bg4+ Ke7 27. Qg5+ 1-0

[Event "BLR-ch 1st stage"]
[Site "Minsk"]
[Date "2016.12.07"]
[Round "5"]
[White "Zarubitski, Viachaslau"]
[Black "Ziaziulkina, Nastassia"]
[Result "1/2-1/2"]
[WhiteElo "2306"]
[BlackElo "2380"]
[PlyCount "56"]
[EventDate "2016.12.03"]
[EventType "swiss"]
[EventRounds "9"]
[EventCountry "BLR"]
[SourceTitle "CBM 176 Extra"]
[Source "ChessBase"]
[SourceDate "2017.03.02"]
[SourceVersion "1"]
[SourceVersionDate "2017.03.02"]
[SourceQuality "1"]

1. e4 c5 2. Nf3 d6 3. d4 cxd4 4. Nxd4 Nf6 5. Nc3 a6 6. Be3 e6 7. Be2 Qc7 8. Qd2 b5 9. a3 Bb7 10. f3 Nc6 11. g4 Nxd4 12. Bxd4 d5 13. e5 Nd7 14. f4 Rc8 15. Rf1 b4 16. axb4 Bxb4 17. Ra4 Bc5 18. Bxa6 Bxa6 19. Rxa6 Qb7 20. Ra2 Bxd4 21. Qxd4 0-0 22. b3 Nc5 23. Rf3 Rfd8 24. Re3 Na6 25. Ra4 Nc5 26. Ra2 Na6 27. Ra4 Nc5 28. Ra2 Na6 1/2-1/2

[Event "Olympiad Women-42"]
[Site "Baku"]
[Date "2016.09.09"]
[Round "7.1"]
[White "Mamedjarova, Turkan"]
[Black "Ziaziulkina, Nastassia"]
[Result "1/2-1/2"]
[WhiteElo "2304"]
[BlackElo "2382"]
[PlyCount "67"]
[EventDate "2016.09.02"]
[EventType "team-swiss"]
[EventRounds "11"]
[EventCountry "AZE"]
[SourceTitle "CBM 174 Extra"]
[Source "ChessBase"]
[SourceDate "2016.10.10"]
[SourceVersion "1"]
[SourceVersionDate "2016.10.10"]
[SourceQuality "1"]
[WhiteTeam "Azerbaijan (W) II"]
[BlackTeam "Belarus (W)"]
[WhiteTeamCountry "AZE"]
[BlackTeamCountry "BLR"]

1. e4 c5 2. c3 Nf6 3. e5 Nd5 4. d4 d6 5. Nf3 cxd4 6. cxd4 Nc6 7. Bc4 dxe5 8. dxe5 Ndb4 9. Qb3 e6 10. 0-0 Na5 11. Bb5+ Bd7 12. Qa4 Bxb5 13. Qxb5+ Nac6 14. Nc3 a6 15. Qc4 Qd3 16. Qg4 h5 17. Qh4 Qf5 18. Bg5 Qg4 19. Rad1 Qxh4 20. Bxh4 Ne7 21. Rd2 Nf5 22. Bg5 Be7 23. Rfd1 Bxg5 24. Nxg5 0-0 25. Rd7 Rab8 26. h3 Nc6 27. f4 Ne3 28. R1d3 Nc4 29. Rc7 Nb6 30. Rg3 Na8 31. Rd7 Nb6 32. Rc7 Na8 33. Rd7 Nb6 34. Rc7 1/2-1/2

[Event "EU-ch (Women) 17th"]
[Site "Mamaia"]
[Date "2016.06.04"]
[Round "8"]
[White "Voit, Daria"]
[Black "Ziaziulkina, Nastassia"]
[Result "1/2-1/2"]
[WhiteElo "2304"]
[BlackElo "2396"]
[PlyCount "50"]
[EventDate "2016.05.27"]
[EventType "swiss"]
[EventRounds "11"]
[EventCountry "ROU"]
[SourceTitle "CBM 172 Extra"]
[Source "ChessBase"]
[SourceDate "2016.06.21"]
[SourceVersion "1"]
[SourceVersionDate "2016.06.21"]
[SourceQuality "1"]

1. d4 d5 2. c4 c6 3. Nf3 Nf6 4. Nc3 e6 5. e3 Nbd7 6. Qc2 Bd6 7. Bd3 0-0 8. 0-0 dxc4 9. Bxc4 b5 10. Be2 Bb7 11. e4 e5 12. Rd1 Qc7 13. Bg5 exd4 14. Rxd4 Ne5 15. Bxf6 gxf6 16. g3 Bc5 17. Rd2 Rad8 18. Nh4 Bc8 19. a3 Qb6 20. Rf1 Bh3 21. Ng2 Bd4 22. Bh5 Nc4 23. Rd3 Ne5 24. Rd2 Nc4 25. Rd3 Ne5 1/2-1/2

[Event "EU-ch (Women) 17th"]
[Site "Mamaia"]
[Date "2016.05.30"]
[Round "4"]
[White "Tomilova, Elena"]
[Black "Ziaziulkina, Nastassia"]
[Result "1/2-1/2"]
[WhiteElo "2305"]
[BlackElo "2396"]
[PlyCount "49"]
[EventDate "2016.05.27"]
[EventType "swiss"]
[EventRounds "11"]
[EventCountry "ROU"]
[SourceTitle "CBM 172 Extra"]
[Source "ChessBase"]
[SourceDate "2016.06.21"]
[SourceVersion "1"]
[SourceVersionDate "2016.06.21"]
[SourceQuality "1"]

1. e4 c5 2. Nf3 d6 3. Bb5+ Nd7 4. d4 cxd4 5. Qxd4 a6 6. Bxd7+ Bxd7 7. Nc3 e5 8. Qd3 h6 9. 0-0 Nf6 10. Nd2 b5 11. Rd1 Rc8 12. a3 Qc7 13. Nf1 Qc4 14. Ne3 Qxd3 15. Rxd3 Be7 16. f3 a5 17. Bd2 0-0 18. Be1 Rb8 19. Ncd5 Nxd5 20. Nxd5 Bd8 21. b4 a4 22. Nc3 Be7 23. Nd5 Bd8 24. Nc3 Be7 25. Nd5 1/2-1/2

[Event "BLR-chT"]
[Site "Minsk"]
[Date "2016.04.26"]
[Round "2"]
[White "Stupak, Kirill"]
[Black "Ziaziulkina, Nastassia"]
[Result "1-0"]
[WhiteElo "2530"]
[BlackElo "2396"]
[PlyCount "101"]
[EventDate "2016.04.25"]
[EventType "team-swiss"]
[EventRounds "7"]
[EventCountry "BLR"]
[SourceTitle "CBM 172 Extra"]
[Source "ChessBase"]
[SourceDate "2016.06.21"]
[SourceVersion "1"]
[SourceVersionDate "2016.06.21"]
[SourceQuality "1"]
[WhiteTeam "Vector"]
[BlackTeam "Bossa Nova"]
[WhiteTeamCountry "BLR"]
[BlackTeamCountry "BLR"]

1. d4 d5 2. Nf3 Nf6 3. c4 c6 4. Nc3 e6 5. Bg5 Nbd7 6. e3 Qa5 7. Nd2 Bb4 8. Qc2 c5 9. Nb3 Qa4 10. Bxf6 Nxf6 11. dxc5 Ne4 12. cxd5 exd5 13. Bd3 Nxc5 14. 0-0 Bxc3 15. Qxc3 Nxd3 16. Qxd3 0-0 17. Rfc1 b6 18. Rc7 Qe4 19. Qxe4 dxe4 20. Nd4 Ba6 21. Nc6 g6 22. Rc1 Kg7 23. h4 Rfe8 24. b3 h5 25. Kh2 Rec8 26. Ne5 Rf8 27. Rd1 Bc8 28. Rd6 Bf5 29. Kg3 b5 30. Ra6 Rac8 31. Raxa7 Rxc7 32. Rxc7 Be6 33. Nc6 Ra8 34. Nd4 Kf6 35. Rc2 Bd7 36. Kf4 Re8 37. b4 Kg7 38. Rc7 Be6 39. a3 Bc4 40. a4 Bf1 41. a5 Ra8 42. g3 Bd3 43. Ne6+ Kg8 44. Ng5 Re8 45. Rxf7 Bc4 46. Rc7 Bd3 47. a6 Bc4 48. a7 Bd5 49. Nh7 Re6 50. Kg5 Re5+ 51. Kxg6 1-0

[Event "Moscow Aeroflot op-B 15th"]
[Site "Moscow"]
[Date "2016.03.06"]
[Round "6"]
[White "Mirzoyan, David"]
[Black "Ziaziulkina, Nastassia"]
[Result "1/2-1/2"]
[WhiteElo "2241"]
[BlackElo "2401"]
[PlyCount "49"]
[EventDate "2016.03.01"]
[EventType "swiss"]
[EventRounds "9"]
[EventCountry "RUS"]
[SourceTitle "CBM 171 Extra"]
[Source "ChessBase"]
[SourceDate "2016.04.26"]
[SourceVersion "1"]
[SourceVersionDate "2016.04.26"]
[SourceQuality "1"]

1. Nf3 d5 2. b3 Bg4 3. e3 e6 4. Bb2 h6 5. d4 Nf6 6. Bd3 Ne4 7. Be2 Nd7 8. Nfd2 Bf5 9. 0-0 Bd6 10. f4 0-0 11. Nxe4 Bxe4 12. c4 c6 13. Nc3 Nf6 14. Bf3 Bg6 15. Kh1 Bb4 16. Ne2 Ne4 17. a3 Ba5 18. Bxe4 Bxe4 19. b4 Bc7 20. Nc3 Bf5 21. Qe2 Qf6 22. Rad1 Qg6 23. Rd2 Bg4 24. Qf2 Bf5 25. Qe2 1/2-1/2

[Event "Moscow Aeroflot op-B 15th"]
[Site "Moscow"]
[Date "2016.03.04"]
[Round "4"]
[White "Ziaziulkina, Nastassia"]
[Black "Kharchenko, Boris"]
[Result "1-0"]
[WhiteElo "2401"]
[BlackElo "2488"]
[PlyCount "157"]
[EventDate "2016.03.01"]
[EventType "swiss"]
[EventRounds "9"]
[EventCountry "RUS"]
[SourceTitle "CBM 171 Extra"]
[Source "ChessBase"]
[SourceDate "2016.04.26"]
[SourceVersion "1"]
[SourceVersionDate "2016.04.26"]
[SourceQuality "1"]

1. e4 e5 2. Nf3 Nc6 3. Bb5 a6 4. Ba4 Nf6 5. 0-0 Be7 6. Re1 b5 7. Bb3 d6 8. c3 Na5 9. Bc2 c5 10. h3 0-0 11. d4 Qc7 12. Nbd2 cxd4 13. cxd4 Nc6 14. Nb3 a5 15. Be3 a4 16. Nbd2 Bd7 17. Rc1 Qb7 18. Bb1 Rfe8 19. Nf1 exd4 20. Nxd4 Ne5 21. Nd2 Bd8 22. Qe2 Rb8 23. Kh1 h6 24. f4 Nc4 25. Nxc4 bxc4 26. Qxc4 Ba5 27. Re2 Nxe4 28. Kh2 d5 29. Qd3 Bd8 30. Rec2 Bb6 31. a3 Nf6 32. Ba2 Re4 33. Rf2 Rbe8 34. Rf3 Qb8 35. Kh1 h5 36. Rd1 h4 37. Qc3 Rc8 38. Qd2 Rce8 39. Qc3 Qa7 40. Bb1 R4e7 41. Bg1 Ne4 42. Qd3 Qb8 43. Ba2 Ng3+ 44. Kh2 Bc7 45. Be3 Rxe3 46. Rxe3 Nf1+ 47. Qxf1 Rxe3 48. Bxd5 Qxb2 49. Bxf7+ Kh8 50. Kh1 Bb6 51. Nf3 Bb5 52. Rb1 Bxf1 53. Rxb2 Re2 54. Rxb6 Bxg2+ 55. Kg1 Bxf3 56. Bg6 Bd5 57. Rb8+ Bg8 58. Bf7 Re3 59. Bxg8 Rxa3 60. Bd5+ Kh7 61. Be4+ g6 62. Rb7+ Kh6 63. Rb6 Rg3+ 64. Kf2 Kg7 65. Ra6 a3 66. Bf3 Rxh3 67. Rxa3 Rg3 68. Ra6 Kf7 69. Ra7+ Kf6 70. Bd5 g5 71. Rf7+ Kg6 72. f5+ Kh6 73. Rc7 Rg4 74. Ke3 Rf4 75. Be4 Kh5 76. Rc4 Kg4 77. Rc2 h3 78. Rf2 h2 79. Rxh2 1-0